[Event "EU-chT Seniors 50"]
[Site "Walbrzych"]
[Date "2018.04.22"]
[Round "9.3"]
[White "Telenius, Kimmo"]
[Black "Fatalibekova, Elena"]
[Result "0-1"]
[WhiteElo "1603"]
[BlackElo "2195"]
[PlyCount "40"]
[EventDate "2018.04.14"]
[EventType "team-swiss"]
[EventRounds "9"]
[EventCountry "POL"]
[SourceTitle "CBM 184 Extra"]
[Source "ChessBase"]
[SourceDate "2018.06.28"]
[SourceVersion "1"]
[SourceVersionDate "2018.06.28"]
[SourceQuality "1"]
[WhiteTeam "Finland Cone Guard 50"]
[BlackTeam "Russia (Women) 50"]
[WhiteTeamCountry "FIN"]
[BlackTeamCountry "RUS"]

1. e4 c5 2. Nf3 Nc6 3. d4 cxd4 4. Nxd4 g6 5. g3 Bg7 6. c3 d6 7. Bg2 Bd7 8. 0-0 Qc8 9. Be3 Nf6 10. f3 h5 11. Na3 Ne5 12. Rc1 0-0 13. Qd2 Kh7 14. f4 Neg4 15. f5 Nxe3 16. fxg6+ fxg6 17. Qxe3 Bh6 18. Qd3 Bxc1 19. Rxc1 Ng4 20. Nf3 Qc5+ 0-1

[Event "EU-chT Seniors 50"]
[Site "Walbrzych"]
[Date "2018.04.15"]
[Round "2.3"]
[White "De la Orden Alcocer, Alejandro"]
[Black "Telenius, Kimmo"]
[Result "1/2-1/2"]
[WhiteElo "2013"]
[BlackElo "1603"]
[PlyCount "109"]
[EventDate "2018.04.14"]
[EventType "team-swiss"]
[EventRounds "9"]
[EventCountry "POL"]
[SourceTitle "CBM 184 Extra"]
[Source "ChessBase"]
[SourceDate "2018.06.28"]
[SourceVersion "1"]
[SourceVersionDate "2018.06.28"]
[SourceQuality "1"]
[WhiteTeam "Spain Ruy Lopez 50"]
[BlackTeam "Finland Cone Guard 50"]
[WhiteTeamCountry "ESP"]
[BlackTeamCountry "FIN"]

1. c4 d6 2. g3 Nf6 3. Bg2 g6 4. Nc3 Bg7 5. Nf3 0-0 6. Rb1 Re8 7. 0-0 e5 8. d3 Nc6 9. Bg5 h6 10. Bxf6 Bxf6 11. b4 Rb8 12. Re1 Be6 13. Nd2 Qd7 14. b5 Ne7 15. Qb3 Bg7 16. Qa3 d5 17. cxd5 Nxd5 18. Nxd5 Bxd5 19. Bxd5 Qxd5 20. Rec1 Bf8 21. Qa4 Rbc8 22. Qxa7 Ra8 23. Ne4 Kg7 24. Nc3 Rxa7 25. Nxd5 Rxa2 26. Nxc7 Rd8 27. Kf1 e4 28. Rc3 b6 29. Na6 exd3 30. Rxd3 Rc8 31. Rd7 Rcc2 32. Nb4 Rab2 33. Rxb2 Rxb2 34. Nc6 Rxb5 35. Nd8 Rf5 36. e4 Re5 37. Nxf7 Re7 38. Rxe7 Bxe7 39. Ne5 b5 40. Ke2 b4 41. Kd2 h5 42. h3 g5 43. Nd3 Kf6 44. Kc2 g4 45. h4 Bf8 46. Nf4 Bc5 47. Nd3 Bd4 48. Kb3 Bc3 49. Kc4 Ke6 50. Kb3 Bd2 51. Kc2 Bc3 52. Kd1 Bd4 53. Kd2 b3 54. Kd1 Kf6 55. Kc1 1/2-1/2

[Event "Viljandi Raud Memorial 47th"]
[Site "Viljandi"]
[Date "2013.07.02"]
[Round "3"]
[White "Telenius, Kimmo"]
[Black "Tuul, Tarmo"]
[Result "0-1"]
[WhiteElo "1682"]
[BlackElo "2062"]
[PlyCount "24"]
[EventDate "2013.07.01"]
[EventType "swiss"]
[EventRounds "9"]
[EventCountry "EST"]
[SourceTitle "CBM 155 Extra"]
[Source "ChessBase"]
[SourceDate "2013.08.26"]
[SourceVersion "1"]
[SourceVersionDate "2013.08.26"]
[SourceQuality "1"]

1. e4 c6 2. c4 e5 3. d4 Bb4+ 4. Bd2 Bxd2+ 5. Qxd2 d6 6. Nc3 Nf6 7. dxe5 dxe5 8. Qg5 0-0 9. Qxe5 Qb6 10. 0-0-0 Ng4 11. Qd4 Qxd4 12. Rxd4 Nxf2 0-1

[Event "Helsinki We Garde 2nd Group B"]
[Site "Helsinki"]
[Date "2012.08.28"]
[Round "4"]
[White "Hallman, Valo"]
[Black "Telenius, Kimmo"]
[Result "1-0"]
[WhiteElo "1710"]
[BlackElo "1730"]
[PlyCount "131"]
[EventDate "2012.08.26"]
[EventType "swiss"]
[EventRounds "5"]
[EventCountry "FIN"]
[SourceTitle "EXT 2022"]
[Source "ChessBase"]
[SourceDate "2021.10.06"]
[SourceVersion "1"]
[SourceVersionDate "2021.10.06"]
[SourceQuality "1"]

1. d4 Nf6 2. c4 e6 3. Nc3 Bb4 4. Qc2 b6 5. e4 0-0 6. Bd3 Bb7 7. Nge2 d5 8. cxd5 exd5 9. e5 Ne4 10. 0-0 f5 11. Nf4 Re8 12. Qb3 Bxc3 13. bxc3 g6 14. Nh3 c5 15. Bb5 Bc6 16. Bxc6 Nxc6 17. Qb2 cxd4 18. cxd4 Na5 19. f3 Nc4 20. Qb4 a5 21. Qe1 Ned6 22. Bg5 Qd7 23. Nf4 Qb7 24. Qg3 Nb5 25. Rfd1 Nc7 26. Bh6 Kf7 27. Qg5 Qc6 28. Rac1 b5 29. g4 fxg4 30. fxg4 Kg8 31. Nh5 Rf8 32. Nf6+ Kh8 33. Bxf8 Ne6 34. Bg7+ Kxg7 35. Qh4 h6 36. Qf2 Ng5 37. Qg2 Qe6 38. Qxd5 Nh3+ 39. Kh1 Qxd5+ 40. Nxd5 Nf2+ 41. Kg1 Nxd1 42. Rxd1 Rd8 43. Nc7 Kf7 44. Nxb5 Ne3 45. Re1 Nxg4 46. e6+ Ke7 47. Na7 Kd6 48. e7 Re8 49. Nc8+ Kd7 50. Nb6+ Kc6 51. Nc4 Kd5 52. Nxa5 Kxd4 53. Nc6+ Kd5 54. Rc1 Ne5 55. Nxe5 Kxe5 56. Kg2 Kd6 57. Re1 Rxe7 58. Rxe7 Kxe7 59. Kf3 Kd6 60. Ke4 Kc5 61. Ke5 g5 62. Kf5 Kb4 63. Kg6 Ka3 64. Kxh6 g4 65. Kh5 Kxa2 66. Kxg4 1-0

[Event "Helsinki We Garde 2nd Group B"]
[Site "Helsinki"]
[Date "2012.08.27"]
[Round "2"]
[White "Smeds, Tom"]
[Black "Telenius, Kimmo"]
[Result "1-0"]
[WhiteElo "1943"]
[BlackElo "1730"]
[PlyCount "107"]
[EventDate "2012.08.26"]
[EventType "swiss"]
[EventRounds "5"]
[EventCountry "FIN"]
[SourceTitle "EXT 2022"]
[Source "ChessBase"]
[SourceDate "2021.10.06"]
[SourceVersion "1"]
[SourceVersionDate "2021.10.06"]
[SourceQuality "1"]

1. Nf3 Nf6 2. d4 e6 3. Bg5 h6 4. Bh4 Be7 5. e3 b6 6. Bd3 Bb7 7. Nbd2 Nd5 8. Bg3 0-0 9. e4 Nb4 10. Be2 f5 11. exf5 exf5 12. h3 c5 13. a3 N4a6 14. Nb3 d5 15. c3 Nd7 16. Be5 c4 17. Nbd2 Nc7 18. g4 Rc8 19. gxf5 Rxf5 20. Qc2 Qf8 21. 0-0-0 Nxe5 22. Nxe5 Bd6 23. Bg4 Rxf2 24. Bxc8 Bxc8 25. Rhf1 Bxe5 26. Rxf2 Qxf2 27. Rf1 Qg2 28. dxe5 Bxh3 29. Qa4 Qg6 30. Qxa7 Ne6 31. Qxb6 Bxf1 32. Nxf1 Qg5+ 33. Qe3 Nf4 34. Kb1 Qf5+ 35. Ka2 Nd3 36. Ng3 Qe6 37. a4 Kf7 38. a5 Qc6 39. e6+ Kg8 40. b3 Qb5 41. Qb6 cxb3+ 42. Ka3 Qc5+ 43. Kxb3 Qc4+ 44. Kc2 Nc5 45. Qb4 Qd3+ 46. Kb2 Qd2+ 47. Ka3 Nd3 48. Qd4 Qb2+ 49. Ka4 Qa2+ 50. Kb5 Nb2 51. Nf5 Qb3+ 52. Kc6 Qa4+ 53. Qxa4 Nxa4 54. a6 1-0

[Event "Helsinki We Garde 2nd Group B"]
[Site "Helsinki"]
[Date "2012.08.26"]
[Round "1"]
[White "Telenius, Kimmo"]
[Black "Jarvinen, Seppo"]
[Result "0-1"]
[WhiteElo "1730"]
[BlackElo "1918"]
[PlyCount "60"]
[EventDate "2012.08.26"]
[EventType "swiss"]
[EventRounds "5"]
[EventCountry "FIN"]
[SourceTitle "EXT 2022"]
[Source "ChessBase"]
[SourceDate "2021.10.06"]
[SourceVersion "1"]
[SourceVersionDate "2021.10.06"]
[SourceQuality "1"]

1. e4 e5 2. Nf3 Nc6 3. Bb5 Nf6 4. Nc3 d6 5. h3 Be7 6. d4 exd4 7. Nxd4 Bd7 8. Be3 0-0 9. 0-0 a6 10. Be2 Nxd4 11. Bxd4 Bc6 12. Bd3 Nd7 13. f4 Bf6 14. Bxf6 Qxf6 15. Kh2 Rae8 16. Qh5 Qg6 17. Qf3 Qh6 18. Rae1 f5 19. Bc4+ Kh8 20. Bd5 fxe4 21. Rxe4 Rxe4 22. Bxe4 Bxe4 23. Qxe4 Qg6 24. Qe7 Qe8 25. Re1 Nf6 26. g3 c6 27. Re2 Qb8 28. Re6 d5 29. Qb4 Re8 30. Rxc6 bxc6 0-1